| 000 | 00467nam a2200193Ia 4500 | ||
|---|---|---|---|
| 003 | OSt | ||
| 005 | 20260305154600.0 | ||
| 008 | 250729s2000 xx 000 0 und d | ||
| 020 | _a978-1319191757 | ||
| 040 | _cAL | ||
| 041 | _aeng | ||
| 082 | _a900 BERD | ||
| 100 |
_aBerger _9229885 |
||
| 245 | _aThe developing person through the life span | ||
| 260 |
_aNewyork _bWorth Publishers _c2000 |
||
| 300 | _a721p | ||
| 650 |
_aHistory _9229886 |
||
| 942 |
_2ddc _cBED |
||
| 999 |
_c238505 _d238505 |
||